| 000 | 00502nam a2200169Ia 4500 | ||
|---|---|---|---|
| 005 | 20250326141030.0 | ||
| 008 | 250326s9999 xx 000 0 und d | ||
| 037 | _aTextbook | ||
| 040 |
_aFMSL _beng _cFMSL |
||
| 041 |
_aeng _2eng |
||
| 084 |
_aX:89zb.44r N9 _qFMSL |
||
| 100 |
_aShariff A _9742659 |
||
| 245 | 0 |
_aIndia human development report _cShariff A |
|
| 260 |
_aNew Delhi _bNew Delhi, Oxford university press _c1999 |
||
| 942 |
_cTB _hX:89zb.44r N9 |
||
| 999 |
_c1288383 _d1288383 |
||